000 01184nam a2200337 a 4500
001 499977
003 OSt
005 20140310181631.0
008 850605s1986 nyua b 001 0 eng
010 _a 85061738
020 _a0809127415 (pbk.) :
_c$14.95
040 _aDLC
_cDLC
_dDLC
050 0 0 _aBF 778
_b.H174 2000
082 0 0 _aTR 158.919
_bH14 2000
100 1 _aHall, Brian P.
245 1 4 _aThe genesis effect :
_bpersonal and organizational transformations /
_cBrian P. Hall.
260 _aNew York :
_bPaulist Press,
_cc2000.
300 _aiv, 364 p. :
_bill. ;
_c26 cm.
500 _aIncludes index.
504 _aBibliography: p. 349-356.
520 _a1. Values--Psychological aspects. 2. Self-realization. 3. Self- realization--religious aspects--Christianity. 4. Title.
521 _aFaculty
541 _j1
562 _eFor circulation. 1 copy in the collection.
650 0 _aValues
_xPsychological aspects.
650 0 _aSelf-realization.
650 0 _aSelf-realization
_xReligious aspects
_xChristianity.
906 _a7
_bcbc
_corignew
_d3
_eopcn
_f19
_gy-gencatlg
942 _2lcc
_cBK
_kTR
999 _c499
_d499